Statistics for Pagan Festivals Sabbats. Wheel of the year. Names and Dates.

Click here to take the quiz!

General Stats

  • This quiz has been taken 68 times
  • The average score is 6 of 16

Answers on the Map

Answers color-coded by a green-red scale on the quiz's map according to % correct below.
 

Answer Stats

HintAnswer% Correct
Sun at lowest -Yule
98%
Samhain
73%
Sun in middle ↑Ostara
61%
Beltane
59%
Sun at highest *Midsummer
59%
Imbolc
48%
Sun in middle ↓Mabon
43%
Lughnasadh
41%
1 November
23%
20-23 December
23%
19-22 March
16%
21-24 September
16%
19-23 June
14%
2 February
14%
1 August
11%
1 May
11%

Score Distribution

Percentile by Number Answered

Percent of People with Each Score

Your Score History

You have not taken this quiz